Britské galerie a muzea /
Salvato in:
| Autore principale: | |
|---|---|
| Natura: | Libro |
| Lingua: | ceco |
| Pubblicazione: |
Praha :
Radioservis,
2012
|
| Edizione: | 1. vydanie |
| Soggetti: | |
| Tags: |
Nessun Tag, puoi essere il primo ad aggiungerne!!
|
MARC
| LEADER | 00000nam a22000003a 4500 | ||
|---|---|---|---|
| 001 | 0022185 | ||
| 003 | SK-STU | ||
| 005 | 20170216120819.6 | ||
| 007 | ta | ||
| 008 | 170216s ----xo-----e------000-0-----d | ||
| 020 | |a 978-80-87530-09-2 | ||
| 040 | |a STU |b slo | ||
| 041 | 0 | |a cze | |
| 044 | |a xr | ||
| 100 | 1 | |a Beránek, Jaroslav |4 aut | |
| 245 | 1 | 0 | |a Britské galerie a muzea / |c aut. Jaroslav Beránek |
| 250 | |a 1. vydanie | ||
| 260 | |a Praha : |b Radioservis, |c 2012 | ||
| 300 | |a 213 s. | ||
| 650 | 0 | 7 | |a budovy pre kultúru a voľný čas |
| 650 | 0 | 7 | |a museum gallery |
| 650 | 0 | 7 | |a Great Britain |
| 996 | |b 284AU06901 |c A* 10029/U |l AAKNST |s P |a 0 |w 0022185_0001 | ||